00340nam a22001337a 4500003000400000005001700004008004100021040000900062082001700071100002300088245005300111260003300164300000900197OSt20210127142341.0210127b ||||| |||| 00| 0 eng d coclc a491.2bWIL/E aWilliams, M Monier aEnglish Sanskrit Dictionary /cM Monier Williams aDelhi:bMotilal Banarsidass, a859p